Identify the Music Act from the Lead Singer #4 - Statistics

General Stats
  • This quiz has been taken 43 times
  • The average score is 6 of 10
Answer Stats
Lead Singer Music Act % Correct
Gwen Stefani No Doubt
95%
Debbie Harry Blondie
90%
Dolores O'Riordan The Cranberries
85%
Chrissie Hynde The Pretenders
80%
Florence Welch Florence + the Machine
70%
Shirley Manson Garbage
63%
Sharleen Spiteri Texas
38%
Skin Skunk Anansie
30%
Beth Gibbons Portishead
23%
Nina Persson The Cardigans
23%
No matching quizzes found
Score Distribution
Percent of People with Each Score
Percentile by Number Answered
Your Score History
You have not taken this quiz